000 00470nam a2200193Ia 4500
005 20140403130032.0
008 140130s9999 xx 000 0 und d
020 _a0439425085
050 _aPZ 7
_b.B872Dh 2003
100 _aBrooke, Lauren
_922844
245 _cLauren Brooke.
_aDarkest hour /
260 _bScholastic,
_c2003.
_aUSA :
300 _a152 p. :
_c20 cm.
440 _v1
_931005
521 _aG4
526 _c600
942 _cBK
_2lcc
999 _c40746
_d40746